000 00810nam a2200253 i 4500
003 DO-SdBNP
005 20230504135407.0
007 ta
008 190424s2015 dr aa 000 spa d
040 _aDO-SdBNP
_bspa
_cBNPHU
_erda
082 _222
_bR426g
110 _aRepública Dominicana.
_bPresidencia de la República. Ministerio de Administración Pública
_983323
245 0 _aGuía para el desarrollo de las cartas compromiso al ciudadano.
246 _aCarta compromiso al ciudadano
260 _c2015.
264 _aSanto Domingo :
_bMAP,
_c2015
300 _a65 paginas :
_bilustraciones ;
_c28 cm
336 _2rdacontent
_atexto
_btxt
337 _2rdamedia
_asin mediación
_bn
338 _2rdacarrier
_avolumen
_bnc
590 _aInventariado, 2023 / DG
910 _aDG
942 _2ddc
_cLBS1
999 _c48370
_d48370